[Event "GBR-ch75"]
[Site "Blackpool"]
[Date "1988.08.08"]
[Round "7.11"]
[White "Burgess, Graham"]
[Black "Kosten, Anthony C"]
[Result "0-1"]
[WhiteElo "2250"]
[BlackElo "2510"]
[PlyCount "64"]
[EventDate "1988.08.01"]
[EventType "swiss"]
[EventRounds "11"]
[EventCountry "GBR"]
[SourceTitle "BritBase12Sep20"]
[Source "John Saunders"]
[SourceDate "2020.09.12"]
[SourceVersion "1"]
[SourceVersionDate "2020.09.12"]
[SourceQuality "1"]

1. d4 Nf6 2. c4 e6 3. Nf3 Bb4+ 4. Bd2 c5 5. g3 b6 6. Bg2 Bb7 7. O-O O-O 8. Bf4
cxd4 9. Nxd4 Bxg2 10. Kxg2 Qc8 11. Qd3 Nc6 12. Nc2 d5 13. Nxb4 Nxb4 14. Qb3 Nc6
15. cxd5 Nxd5 16. Rd1 Rd8 17. Nc3 Nxf4+ 18. gxf4 Nd4 19. Qa4 b5 20. Qa5 b4 21.
Ne4 Rd5 22. Qxb4 Nc2 23. Qb3 Nxa1 24. Rxa1 Qb8 25. Qg3 Qxb2 26. Rg1 Rad8 27.
Kf3 f5 28. Ng5 Rd3+ 29. exd3 Rxd3+ 30. Kg2 Rxg3+ 31. hxg3 h6 32. Nxe6 Qd2 0-1

[Event "GBR-ch75"]
[Site "Blackpool"]
[Date "1988.08.08"]
[Round "7.12"]
[White "Howell, James C"]
[Black "Knox, Victor W"]
[Result "1-0"]
[WhiteElo "2420"]
[BlackElo "2315"]
[PlyCount "111"]
[EventDate "1988.08.01"]
[EventType "swiss"]
[EventRounds "11"]
[EventCountry "GBR"]
[SourceTitle "BritBase12Sep20"]
[Source "John Saunders"]
[SourceDate "2020.09.12"]
[SourceVersion "1"]
[SourceVersionDate "2020.09.12"]
[SourceQuality "1"]

1. e4 e5 2. Nf3 Nc6 3. Bc4 Nf6 4. d3 Be7 5. O-O d6 6. c3 O-O 7. Bb3 Na5 8. Bc2
c5 9. Re1 Nc6 10. Nbd2 h6 11. Nf1 Nh7 12. Ne3 Bg5 13. Nxg5 hxg5 14. Nd5 Be6 15.
b4 cxb4 16. Nxb4 Ne7 17. d4 Ng6 18. Be3 Nf4 19. Nd5 Nf6 20. c4 Ng4 21. dxe5
dxe5 22. Bc5 Re8 23. Ba4 Qc8 24. Ne7+ Rxe7 25. Bxe7 f6 26. f3 Kf7 27. Ba3 Nxh2
28. Bc1 Qh8 29. Bxf4 gxf4 30. Bd7 Rd8 31. Bxe6+ Kxe6 32. Qb3 Kf7 33. Red1 Rf8
34. Qxb7+ Kg6 35. Qd7 Qh4 36. Qf5+ Kh6 37. Rd3 Rb8 38. Qh3 Qxh3 39. gxh3 Rb2
40. c5 Rc2 41. Kh1 g5 42. Rg1 Nxf3 43. Rxf3 Rxc5 44. Ra3 a5 45. Rd1 Kh5 46. Rd8
Rc4 47. Rxa5 Rxe4 48. Rf8 Re1+ 49. Kg2 Re2+ 50. Kf1 f3 51. Rxf6 e4 52. Re5 Kh4
53. a4 g4 54. Rf4 e3 55. Rxg4+ Kxh3 56. Rg8 1-0

[Event "GBR-ch75"]
[Site "Blackpool"]
[Date "1988.08.08"]
[Round "7.14"]
[White "Hempson, Peter W"]
[Black "Cooper, John G"]
[Result "1-0"]
[WhiteElo "2225"]
[BlackElo "2380"]
[PlyCount "73"]
[EventDate "1988.08.01"]
[EventType "swiss"]
[EventRounds "11"]
[EventCountry "GBR"]
[SourceTitle "BritBase12Sep20"]
[Source "John Saunders"]
[SourceDate "2020.09.12"]
[SourceVersion "1"]
[SourceVersionDate "2020.09.12"]
[SourceQuality "1"]

1. d4 d5 2. c4 e6 3. Nc3 c5 4. cxd5 exd5 5. Nf3 Nc6 6. g3 Nf6 7. Bg2 Be7 8. O-O
O-O 9. dxc5 Bxc5 10. Bg5 d4 11. Bxf6 Qxf6 12. Ne4 Qe7 13. Nxc5 Qxc5 14. Rc1 Qb6
15. Qd2 Bf5 16. Rfd1 Rad8 17. Qf4 Bg6 18. Rd2 Rfe8 19. Nh4 d3 20. Bxc6 bxc6 21.
Nxg6 Rd4 22. Qf3 hxg6 23. exd3 c5 24. Re2 Red8 25. Re7 Rf8 26. Qe2 a5 27. Re5
Qd8 28. Rc3 c4 29. Rxc4 Rxd3 30. Rc2 Rd1+ 31. Kg2 Rd5 32. Qe4 Rxe5 33. Qxe5 Re8
34. Qc5 g5 35. Qc6 g6 36. b3 g4 37. Rc4 1-0

[Event "GBR-ch75"]
[Site "Blackpool"]
[Date "1988.08.08"]
[Round "7.15"]
[White "Crawley, Gavin"]
[Black "Mortazavi, Ali"]
[Result "1/2-1/2"]
[WhiteElo "2380"]
[BlackElo "2290"]
[PlyCount "80"]
[EventDate "1988.08.01"]
[EventType "swiss"]
[EventRounds "11"]
[EventCountry "GBR"]
[SourceTitle "BritBase12Sep20"]
[Source "John Saunders"]
[SourceDate "2020.09.12"]
[SourceVersion "1"]
[SourceVersionDate "2020.09.12"]
[SourceQuality "1"]

1. d4 Nf6 2. c4 g6 3. Nc3 Bg7 4. e4 O-O 5. Bg5 d6 6. Qd2 c6 7. Be2 a6 8. a4 e5
9. Nf3 exd4 10. Nxd4 a5 11. h4 Na6 12. h5 Qb6 13. Rd1 Nc5 14. Rh4 Re8 15. hxg6
fxg6 16. f3 Bd7 17. Kf1 Rf8 18. g3 Rae8 19. Kg2 Rf7 20. Be3 Qb4 21. Bf4 d5 22.
cxd5 cxd5 23. Ndb5 dxe4 24. Nxe4 Nfxe4 25. Qxb4 axb4 26. fxe4 Rxe4 27. Bf3 Rc4
28. Nd6 Rc2+ 29. Rd2 Rxd2+ 30. Bxd2 Rf6 31. Nxb7 Rxf3 32. Kxf3 Bc6+ 33. Ke2
Bxb7 34. Rxb4 Ba6+ 35. Kf3 Be5 36. a5 Bc7 37. g4 Bb7+ 38. Ke3 Bxa5 39. Rb5 Bd8
40. Rxc5 Bb6 1/2-1/2

[Event "GBR-ch75"]
[Site "Blackpool"]
[Date "1988.08.08"]
[Round "7.17"]
[White "Kwiatkowski, Feliks J"]
[Black "McDonald, Neil R"]
[Result "1-0"]
[WhiteElo "2240"]
[BlackElo "2360"]
[PlyCount "85"]
[EventDate "1988.08.01"]
[EventType "swiss"]
[EventRounds "11"]
[EventCountry "GBR"]
[SourceTitle "BritBase12Sep20"]
[Source "John Saunders"]
[SourceDate "2020.09.12"]
[SourceVersion "1"]
[SourceVersionDate "2020.09.12"]
[SourceQuality "1"]

1. e4 e6 2. d4 d5 3. Nc3 Bb4 4. e5 c5 5. a3 Bxc3+ 6. bxc3 Ne7 7. Qg4 O-O 8. Bd3
f5 9. exf6 Rxf6 10. Bg5 Rf7 11. Qh4 h6 12. Bxe7 Rxe7 13. Nf3 e5 14. dxe5 Rxe5+
15. Kd2 Qxh4 16. Nxh4 Nc6 17. Rae1 Bd7 18. f4 Rxe1 19. Rxe1 Re8 20. Rxe8+ Bxe8
21. Nf5 Bd7 22. c4 d4 23. Be4 Bxf5 24. Bxf5 g5 25. Be4 Na5 26. Bd5+ Kf8 27.
fxg5 hxg5 28. Kd3 Ke7 29. Ke4 Kd6 30. h3 b6 31. g3 d3 32. cxd3 Nb3 33. h4 gxh4
34. gxh4 Nd2+ 35. Kf5 Nf1 36. Kf4 Ke7 37. Ke5 Ng3 38. Bf3 Kf7 39. Kd6 Nf5+ 40.
Kc7 Nd4 41. Bd5+ Ke7 42. a4 Ne2 43. h5 1-0

[Event "GBR-ch75"]
[Site "Blackpool"]
[Date "1988.08.08"]
[Round "7.18"]
[White "Lalic, Susan Kathryn"]
[Black "Coleman, David J"]
[Result "0-1"]
[WhiteElo "2355"]
[BlackElo "2240"]
[PlyCount "110"]
[EventDate "1988.08.01"]
[EventType "swiss"]
[EventRounds "11"]
[EventCountry "GBR"]
[SourceTitle "BritBase12Sep20"]
[Source "John Saunders"]
[SourceDate "2020.09.12"]
[SourceVersion "1"]
[SourceVersionDate "2020.09.12"]
[SourceQuality "1"]

1. e4 c5 2. c3 Nf6 3. e5 Nd5 4. d4 cxd4 5. Nf3 Nc6 6. cxd4 d6 7. Bc4 Nb6 8. Bb5
dxe5 9. Nxe5 Bd7 10. Bxc6 Bxc6 11. Nxc6 bxc6 12. O-O e6 13. Qg4 h5 14. Qd1 Qh4
15. Nc3 Rd8 16. Qf3 Nd5 17. Ne4 Be7 18. Be3 f5 19. Nc5 Bd6 20. g3 Qe7 21. Rfe1
Bxc5 22. dxc5 h4 23. Bf4 hxg3 24. hxg3 g5 25. Bd6 Qf7 26. Kg2 Qg6 27. Rh1 Kf7
28. Rae1 f4 29. g4 Qc2 30. Re2 Rxh1 31. Rxc2 Rdh8 32. Qe4 R8h3 33. Rd2 Ne3+ 34.
Qxe3 R1h2+ 35. Kg1 Rh1+ 36. Kg2 R1h2+ 37. Kg1 fxe3 38. Re2 exf2+ 39. Kf1 Rh1+
40. Kxf2 Rd1 41. Kg2 Rh4 42. Rf2+ Kg6 43. Kf3 Rhh1 44. Re2 Rdf1+ 45. Kg3 Rhg1+
46. Kh3 Rf3+ 47. Kh2 Rxg4 48. Rxe6+ Rf6 49. Re8 Rf2+ 50. Kh3 Rh4+ 51. Kg3 Rxb2
52. Rc8 Kf5 53. Rxc6 Rbh2 54. Kf3 R4h3+ 55. Bg3 g4+ 0-1

[Event "GBR-ch75"]
[Site "Blackpool"]
[Date "1988.08.08"]
[Round "7.19"]
[White "Carr, Neil L"]
[Black "Bellin, Jana"]
[Result "1-0"]
[WhiteElo "2290"]
[BlackElo "2300"]
[PlyCount "111"]
[EventDate "1988.08.01"]
[EventType "swiss"]
[EventRounds "11"]
[EventCountry "GBR"]
[SourceTitle "BritBase12Sep20"]
[Source "John Saunders"]
[SourceDate "2020.09.12"]
[SourceVersion "1"]
[SourceVersionDate "2020.09.12"]
[SourceQuality "1"]

1. e4 c6 2. d4 d5 3. f3 e6 4. Nc3 Be7 5. Nge2 dxe4 6. fxe4 c5 7. d5 Nf6 8. Bf4
Qb6 9. d6 Bd8 10. e5 Nfd7 11. Qd3 Nc6 12. O-O-O Ndxe5 13. Qg3 Bf6 14. Ne4 Bd7
15. Nxf6+ gxf6 16. Qg7 O-O-O 17. Qxf6 Ng4 18. Qh4 e5 19. Bg5 f6 20. Bxf6 Nxf6
21. Qxf6 Rdf8 22. Qh4 Nd4 23. c3 Nf5 24. Qe4 Nxd6 25. Qd5 Rf6 26. Ng3 Bg4 27.
Rd2 Rd8 28. Be2 Bxe2 29. Rxe2 Nf7 30. Qc4 Rf4 31. Ne4 Qh6 32. Qxc5+ Kb8 33. Qe3
Rd3 34. Qxd3 Rf1+ 35. Kc2 Rxh1 36. Rd2 Qg6 37. Rf2 Re1 38. Rxf7 Qxe4 39. Qxe4
Rxe4 40. Kd3 Rg4 41. g3 h5 42. Rh7 Rg5 43. Ke4 a6 44. b3 Ka7 45. Re7 h4 46.
Rxe5 Rg8 47. Kf4 Rf8+ 48. Rf5 Rc8 49. c4 Rd8 50. gxh4 Rd2 51. Kg3 Rxa2 52. h5
Rb2 53. Rf3 Re2 54. Kg4 Rxh2 55. Rh3 Rg2+ 56. Kf3 1-0

[Event "GBR-ch75"]
[Site "Blackpool"]
[Date "1988.08.08"]
[Round "7.21"]
[White "Walker, David"]
[Black "King, Daniel J"]
[Result "1-0"]
[WhiteElo "2285"]
[BlackElo "2520"]
[PlyCount "65"]
[EventDate "1988.08.01"]
[EventType "swiss"]
[EventRounds "11"]
[EventCountry "GBR"]
[SourceTitle "BritBase12Sep20"]
[Source "John Saunders"]
[SourceDate "2020.09.12"]
[SourceVersion "1"]
[SourceVersionDate "2020.09.12"]
[SourceQuality "1"]

1. d4 e6 2. e4 d5 3. Nd2 Nc6 4. Ngf3 Nf6 5. e5 Nd7 6. Be2 f6 7. exf6 Nxf6 8.
O-O Bd6 9. c4 O-O 10. Re1 Bd7 11. Nf1 h6 12. a3 a5 13. b3 Ne4 14. Bb2 Qf6 15.
Ng3 Rae8 16. Rf1 Ng5 17. Nxg5 Qxg5 18. c5 Bf4 19. Bf3 Qh4 20. Re1 Nd8 21. Nf1
Qf6 22. Qd3 c6 23. Re2 e5 24. dxe5 Bxe5 25. Bxd5+ cxd5 26. Qxd5+ Nf7 27. Rxe5
Bc6 28. Rxe8 Qg6 29. Re6 Qg4 30. Rxc6 bxc6 31. Qd4 Qg6 32. Re1 Ng5 33. Ng3 1-0

[Event "GBR-ch75"]
[Site "Blackpool"]
[Date "1988.08.08"]
[Round "7.22"]
[White "Quillan, Gary"]
[Black "Hebden, Mark L"]
[Result "0-1"]
[WhiteElo "2255"]
[BlackElo "2460"]
[PlyCount "82"]
[EventDate "1988.08.01"]
[EventType "swiss"]
[EventRounds "11"]
[EventCountry "GBR"]
[SourceTitle "BritBase12Sep20"]
[Source "John Saunders"]
[SourceDate "2020.09.12"]
[SourceVersion "1"]
[SourceVersionDate "2020.09.12"]
[SourceQuality "1"]

1. c4 g6 2. Nc3 Bg7 3. g3 Nf6 4. Bg2 O-O 5. d3 Nc6 6. e3 e6 7. e4 d5 8. cxd5
exd5 9. Nge2 dxe4 10. dxe4 Qxd1+ 11. Nxd1 Re8 12. Ndc3 Be6 13. Bf4 Nb4 14. O-O
c6 15. Rfd1 Bc4 16. f3 Nh5 17. Rd7 b5 18. a3 Nd3 19. Rb1 Nhxf4 20. Nxf4 Nxb2
21. Rxb2 Bxc3 22. Rc2 Ba5 23. Bf1 Bb6+ 24. Kg2 Bxf1+ 25. Kxf1 Rac8 26. Rd6 g5
27. Nh5 Re6 28. Rd5 f6 29. Rxb5 cxb5 30. Rxc8+ Kf7 31. g4 Bd4 32. Rh8 Ra6 33.
Rxh7+ Ke6 34. Ng3 Rxa3 35. Nf5 Bc5 36. Rc7 Rxf3+ 37. Ke2 Rc3 38. Kd2 b4 39. Rb7
a5 40. Rb5 a4 41. Ra5 a3 0-1

[Event "GBR-ch75"]
[Site "Blackpool"]
[Date "1988.08.08"]
[Round "7.23"]
[White "Gallagher, Joseph G"]
[Black "Jackson, Sheila"]
[Result "1-0"]
[WhiteElo "2445"]
[BlackElo "2245"]
[PlyCount "81"]
[EventDate "1988.08.01"]
[EventType "swiss"]
[EventRounds "11"]
[EventCountry "GBR"]
[SourceTitle "BritBase12Sep20"]
[Source "John Saunders"]
[SourceDate "2020.09.12"]
[SourceVersion "1"]
[SourceVersionDate "2020.09.12"]
[SourceQuality "1"]

1. e4 e5 2. f4 exf4 3. Nf3 d6 4. d4 g5 5. h4 g4 6. Ng1 Bh6 7. Nc3 c6 8. Nge2
Qf6 9. g3 f3 10. Nf4 Qe7 11. Bd3 Bg7 12. Be3 h5 13. Qd2 Nd7 14. O-O-O Nf8 15.
Rhe1 Bd7 16. e5 dxe5 17. dxe5 Ne6 18. Ne4 Bxe5 19. Nxe6 Bxe6 20. Bc5 Qc7 21.
Nd6+ Bxd6 22. Rxe6+ Be7 23. Bd6 Qxd6 24. Rxd6 Bxd6 25. Ba6 O-O-O 26. Qc3 Ne7
27. Rxd6 bxa6 28. Rf6 Rhf8 29. Qc5 Rd7 30. Qxh5 Rfd8 31. Qxg4 Kb7 32. Qxf3 Nd5
33. Rxf7 Nb6 34. b3 a5 35. h5 a4 36. Kb2 axb3 37. axb3 a5 38. h6 a4 39. h7 axb3
40. cxb3 Ka7 41. Rxd7+ 1-0

[Event "GBR-ch75"]
[Site "Blackpool"]
[Date "1988.08.08"]
[Round "7.24"]
[White "Dunnington, Angus J"]
[Black "Pein, Malcolm"]
[Result "1/2-1/2"]
[WhiteElo "2280"]
[BlackElo "2410"]
[PlyCount "45"]
[EventDate "1988.08.01"]
[EventType "swiss"]
[EventRounds "11"]
[EventCountry "GBR"]
[SourceTitle "BritBase12Sep20"]
[Source "John Saunders"]
[SourceDate "2020.09.12"]
[SourceVersion "1"]
[SourceVersionDate "2020.09.12"]
[SourceQuality "1"]

1. Nf3 g6 2. c4 Bg7 3. Nc3 Nf6 4. g3 O-O 5. Bg2 d6 6. O-O e5 7. d3 Nc6 8. Rb1
a5 9. a3 h6 10. b4 axb4 11. axb4 Be6 12. b5 Ne7 13. Nd2 Rb8 14. Ba3 Qd7 15. c5
Nfd5 16. Nxd5 Nxd5 17. Bxd5 Bxd5 18. cxd6 Ra8 19. Bb4 Qxb5 20. dxc7 Rfc8 21.
Bf8 Qd7 22. Bxg7 Kxg7 23. Nc4 1/2-1/2

[Event "GBR-ch75"]
[Site "Blackpool"]
[Date "1988.08.09"]
[Round "8.1"]
[White "Mestel, A Jonathan"]
[Black "Murshed, Niaz"]
[Result "1-0"]
[WhiteElo "2510"]
[BlackElo "2475"]
[PlyCount "77"]
[EventDate "1988.08.01"]
[EventType "swiss"]
[EventRounds "11"]
[EventCountry "GBR"]
[SourceTitle "BritBase12Sep20"]
[Source "John Saunders"]
[SourceDate "2020.09.12"]
[SourceVersion "1"]
[SourceVersionDate "2020.09.12"]
[SourceQuality "1"]

1. e4 g6 2. d4 Bg7 3. Nc3 c6 4. f4 d5 5. e5 h5 6. Be3 Nh6 7. Nf3 Qb6 8. Na4 Qc7
9. Bf2 Bf5 10. h3 Nd7 11. Qd2 b5 12. Nc3 a5 13. Be2 a4 14. O-O O-O 15. Nh4 Nb6
16. b3 Qd7 17. Nxf5 Nxf5 18. Bd3 Bh6 19. Rae1 Ng7 20. Ne2 f5 21. exf6 exf6 22.
Kh1 f5 23. Ng1 Qd6 24. Bg3 axb3 25. axb3 Nd7 26. Nf3 Rae8 27. Ne5 Nxe5 28. dxe5
Qd7 29. c4 bxc4 30. bxc4 Kh7 31. cxd5 Qxd5 32. Qc2 Ne6 33. Bc4 Qc5 34. Bf2 Qe7
35. Be3 Rd8 36. Ra1 Ra8 37. Qb3 Rxa1 38. Rxa1 Nxf4 39. Ra7 1-0

[Event "GBR-ch75"]
[Site "Blackpool"]
[Date "1988.08.09"]
[Round "8.2"]
[White "Chandler, Murray G"]
[Black "Hodgson, Julian M"]
[Result "0-1"]
[WhiteElo "2605"]
[BlackElo "2525"]
[PlyCount "88"]
[EventDate "1988.08.01"]
[EventType "swiss"]
[EventRounds "11"]
[EventCountry "GBR"]
[SourceTitle "BritBase12Sep20"]
[Source "John Saunders"]
[SourceDate "2020.09.12"]
[SourceVersion "1"]
[SourceVersionDate "2020.09.12"]
[SourceQuality "1"]

1. e4 c6 2. d4 d5 3. Nd2 dxe4 4. Nxe4 Nf6 5. Nxf6+ exf6 6. c3 Bd6 7. Bd3 O-O 8.
Ne2 Re8 9. Qc2 g6 10. h4 Be6 11. Bh6 f5 12. O-O-O Nd7 13. Kb1 Qa5 14. Nc1 Nf6
15. h5 Nxh5 16. Rxh5 gxh5 17. Rh1 f4 18. Bxh7+ Kh8 19. Be4 Bg4 20. f3 Re6 21.
Nb3 Qd8 22. fxg4 Rxh6 23. gxh5 Qg5 24. Bf3 Re8 25. Nd2 Rhe6 26. a4 Bf8 27. Nc4
Bg7 28. Ka2 b5 29. Na5 c5 30. axb5 cxd4 31. c4 a6 32. Qa4 axb5 33. Qxb5 Re5 34.
Bd5 d3 35. h6 Bf6 36. Nb3 Re2 37. Rb1 Qe5 38. Nc1 Rb8 39. Nxd3 Rxb5 40. Nxe5
Ra5+ 41. Kb3 Bxe5 42. Kb4 Rxd5 43. cxd5 Rxb2+ 44. Rxb2 Bxb2 0-1

[Event "GBR-ch75"]
[Site "Blackpool"]
[Date "1988.08.09"]
[Round "8.3"]
[White "Conquest, Stuart"]
[Black "Flear, Glenn C"]
[Result "1/2-1/2"]
[WhiteElo "2490"]
[BlackElo "2470"]
[PlyCount "69"]
[EventDate "1988.08.01"]
[EventType "swiss"]
[EventRounds "11"]
[EventCountry "GBR"]
[SourceTitle "BritBase12Sep20"]
[Source "John Saunders"]
[SourceDate "2020.09.12"]
[SourceVersion "1"]
[SourceVersionDate "2020.09.12"]
[SourceQuality "1"]

1. d4 d5 2. c4 c6 3. Nf3 Nf6 4. Nc3 dxc4 5. a4 Bf5 6. e3 e6 7. Bxc4 Bb4 8. O-O
Nbd7 9. Nh4 Bg4 10. f3 Bh5 11. g3 O-O 12. Qc2 Rc8 13. Ba2 Qb6 14. Qf2 Qa5 15.
e4 e5 16. Be3 exd4 17. Bxd4 Ne5 18. Kg2 Rcd8 19. Rad1 Rd7 20. g4 Nexg4 21. fxg4
Nxg4 22. Qf4 g5 23. Qc1 gxh4 24. Rf5 Qd8 25. Nd5 Bg6 26. Rg5 cxd5 27. Rxg4 dxe4
28. Qh6 Rxd4 29. Rxg6+ hxg6 30. Qxg6+ Kh8 31. Qh6+ Kg8 32. Rg1 Bd6 33. Kh3+ Bg3
34. Qg6+ Kh8 35. Qh6+ 1/2-1/2

[Event "GBR-ch75"]
[Site "Blackpool"]
[Date "1988.08.09"]
[Round "8.4"]
[White "Norwood, David"]
[Black "Pigott, John C"]
[Result "0-1"]
[WhiteElo "2470"]
[BlackElo "2365"]
[PlyCount "120"]
[EventDate "1988.08.01"]
[EventType "swiss"]
[EventRounds "11"]
[EventCountry "GBR"]
[SourceTitle "BritBase12Sep20"]
[Source "John Saunders"]
[SourceDate "2020.09.12"]
[SourceVersion "1"]
[SourceVersionDate "2020.09.12"]
[SourceQuality "1"]

1. d4 Nf6 2. Nf3 e6 3. g3 b6 4. Bg2 Bb7 5. O-O Be7 6. Bf4 O-O 7. c4 c5 8. Nc3
cxd4 9. Nxd4 Bxg2 10. Kxg2 d5 11. Ncb5 dxc4 12. Nc7 g5 13. Ndb5 Nbd7 14. Bxg5
Rc8 15. Na6 Nc5 16. Nb4 Nce4 17. Bxf6 Nxf6 18. Na6 Qe8 19. Nxa7 Rd8 20. Qc1 Qd7
21. Qxc4 Qxa7 22. Nb4 Rc8 23. Qf4 Qc7 24. Qg5+ Kh8 25. Nd3 Rg8 26. Qe3 Qb7+ 27.
f3 Nd5 28. Qf2 Bg5 29. Kh1 Be3 30. Qg2 Rc2 31. f4 Qa8 32. Ne5 f6 33. Nd3 Bd4
34. Rac1 Ne3 35. Qxa8 Rxa8 36. Rxc2 Nxc2 37. a3 Be3 38. Rf3 Bd4 39. e4 Rd8 40.
e5 f5 41. Rf1 Be3 42. Rd1 Rd5 43. h3 Kg8 44. Kh2 Kf7 45. Kh1 b5 46. g4 Ne1 47.
Rxe1 Rxd3 48. Rf1 Rd2 49. Rf3 Bd4 50. b4 Rf2 51. Rxf2 Bxf2 52. Kg2 Be3 53. Kg3
Bc1 54. gxf5 exf5 55. a4 bxa4 56. b5 a3 57. b6 a2 58. b7 a1=Q 59. b8=Q Qc3+ 60.
Kf2 Qb2+ 0-1

[Event "GBR-ch75"]
[Site "Blackpool"]
[Date "1988.08.09"]
[Round "8.5"]
[White "Rogers, Ian"]
[Black "McNab, Colin Anderson"]
[Result "1/2-1/2"]
[WhiteElo "2535"]
[BlackElo "2410"]
[PlyCount "77"]
[EventDate "1988.08.01"]
[EventType "swiss"]
[EventRounds "11"]
[EventCountry "GBR"]
[SourceTitle "BritBase12Sep20"]
[Source "John Saunders"]
[SourceDate "2020.09.12"]
[SourceVersion "1"]
[SourceVersionDate "2020.09.12"]
[SourceQuality "1"]

1. d4 d6 2. Nf3 g6 3. c4 Bg7 4. Nc3 Nd7 5. e4 e5 6. Be2 Ngf6 7. O-O O-O 8. d5
Nc5 9. Qc2 a5 10. Bg5 h6 11. Be3 Ne8 12. Nd2 f5 13. exf5 Bxf5 14. Nde4 Nxe4 15.
Nxe4 Qh4 16. Bd3 Nf6 17. Nxf6+ Rxf6 18. c5 Bxd3 19. Qxd3 e4 20. Qb5 Raf8 21.
cxd6 cxd6 22. Qxb7 R6f7 23. Qb5 Be5 24. g3 Qh3 25. Qa4 Qg4 26. f4 Bxf4 27. Rxf4
Rxf4 28. Bxf4 Rxf4 29. Qxa5 Qf3 30. Qd2 e3 31. Qg2 Qxg2+ 32. Kxg2 Rf2+ 33. Kg1
Rxb2 34. a4 Rd2 35. Re1 Rxd5 36. Rxe3 Rd1+ 37. Kf2 Ra1 38. Re6 Kf7 39. Rxd6
1/2-1/2

[Event "GBR-ch75"]
[Site "Blackpool"]
[Date "1988.08.09"]
[Round "8.6"]
[White "Kosten, Anthony C"]
[Black "Howell, James C"]
[Result "1-0"]
[WhiteElo "2510"]
[BlackElo "2420"]
[PlyCount "75"]
[EventDate "1988.08.01"]
[EventType "swiss"]
[EventRounds "11"]
[EventCountry "GBR"]
[SourceTitle "BritBase12Sep20"]
[Source "John Saunders"]
[SourceDate "2020.09.12"]
[SourceVersion "1"]
[SourceVersionDate "2020.09.12"]
[SourceQuality "1"]

1. e4 e5 2. Nf3 Nc6 3. Bc4 Nf6 4. d3 Bc5 5. O-O d6 6. c3 a6 7. Bb3 Ba7 8. Nbd2
O-O 9. Nc4 Ne7 10. Bg5 Ng6 11. Nh4 Bg4 12. Qc2 Qd7 13. Ne3 Nxh4 14. Bxh4 Nh5
15. Rfe1 Nf4 16. f3 Be6 17. Rad1 d5 18. exd5 Nxd5 19. Bf2 Rfe8 20. Nc4 Bxf2+
21. Qxf2 f6 22. d4 b5 23. Na5 Bf7 24. dxe5 c6 25. Qc5 Rac8 26. exf6 Rxe1+ 27.
Rxe1 gxf6 28. Rd1 Qe8 29. Nb7 Qe2 30. Qf2 Qxf2+ 31. Kxf2 Rc7 32. Nd8 Be8 33.
Nxc6 Bxc6 34. Bxd5+ Bxd5 35. Rxd5 b4 36. cxb4 Rc2+ 37. Kg3 Rxb2 38. a3 1-0

[Event "GBR-ch75"]
[Site "Blackpool"]
[Date "1988.08.09"]
[Round "8.7"]
[White "Bell, Stephen"]
[Black "Watson, William N"]
[Result "0-1"]
[WhiteElo "2380"]
[BlackElo "2500"]
[PlyCount "90"]
[EventDate "1988.08.01"]
[EventType "swiss"]
[EventRounds "11"]
[EventCountry "GBR"]
[SourceTitle "BritBase12Sep20"]
[Source "John Saunders"]
[SourceDate "2020.09.12"]
[SourceVersion "1"]
[SourceVersionDate "2020.09.12"]
[SourceQuality "1"]

1. d4 Nf6 2. Nf3 g6 3. g3 Bg7 4. Bg2 O-O 5. O-O d6 6. Re1 Bf5 7. c4 c6 8. Nh4
Be6 9. d5 cxd5 10. cxd5 Bd7 11. Nc3 Na6 12. h3 b5 13. a4 Qa5 14. Be3 b4 15. Nb5
Bxb5 16. axb5 Qxb5 17. Qa4 Nc7 18. Qxb5 Nxb5 19. Ra4 Rfb8 20. Rxb4 a5 21. Ra4
Nd7 22. Bd2 Bxb2 23. Rxa5 Rxa5 24. Bxa5 Bc3 25. Bxc3 Nxc3 26. e4 Rb2 27. Nf3
Nc5 28. Nd4 Rd2 29. Nc6 Kf8 30. Re3 Nd1 31. Ra3 Nxf2 32. Ra8+ Kg7 33. e5 dxe5
34. Re8 Nfe4 35. Rxe7 Nxg3 36. Nxe5 Kf6 37. Re8 Ne2+ 38. Kf1 Ng3+ 39. Kg1 Ne2+
40. Kf1 Nf4 41. Ng4+ Kg5 42. Bf3 f5 43. Ne5 Ncd3 44. Nxd3 Rxd3 45. Kf2 Nxh3+
0-1

[Event "GBR-ch75"]
[Site "Blackpool"]
[Date "1988.08.09"]
[Round "8.8"]
[White "Arkell, Keith C"]
[Black "Adams, Michael"]
[Result "0-1"]
[WhiteElo "2430"]
[BlackElo "2460"]
[PlyCount "68"]
[EventDate "1988.08.01"]
[EventType "swiss"]
[EventRounds "11"]
[EventCountry "GBR"]
[SourceTitle "BritBase12Sep20"]
[Source "John Saunders"]
[SourceDate "2020.09.12"]
[SourceVersion "1"]
[SourceVersionDate "2020.09.12"]
[SourceQuality "1"]

1. e4 e6 2. d4 d5 3. Nc3 Bb4 4. e5 Qd7 5. Bd2 b6 6. h4 h5 7. Nce2 Be7 8. Nf4 g6
9. Bd3 Ba6 10. Nxg6 fxg6 11. Bxg6+ Kd8 12. Bxh5 Qb5 13. Nh3 Rxh5 14. Qxh5 Qxb2
15. Rd1 Qxd4 16. c3 Qe4+ 17. Be3 Kd7 18. Nf4 Bc4 19. Qg4 Qxe5 20. Nxd5 Bxd5 21.
Qxg8 Qxc3+ 22. Kf1 Qc2 23. Rxd5+ exd5 24. Qxd5+ Bd6 25. Rh3 Nc6 26. g4 Rf8 27.
g5 Ne7 28. Qb5+ c6 29. Qe2 Qf5 30. Kg2 Nd5 31. h5 Qe4+ 32. Kf1 Nc3 33. Qa6 Qg4
34. Rh1 Qd1+ 0-1

[Event "GBR-ch75"]
[Site "Blackpool"]
[Date "1988.08.09"]
[Round "8.9"]
[White "Motwani, Paul"]
[Black "Hempson, Peter W"]
[Result "1-0"]
[WhiteElo "2455"]
[BlackElo "2225"]
[PlyCount "139"]
[EventDate "1988.08.01"]
[EventType "swiss"]
[EventRounds "11"]
[EventCountry "GBR"]
[SourceTitle "BritBase12Sep20"]
[Source "John Saunders"]
[SourceDate "2020.09.12"]
[SourceVersion "1"]
[SourceVersionDate "2020.09.12"]
[SourceQuality "1"]

1. e4 e6 2. d4 d5 3. Nc3 dxe4 4. Nxe4 Nd7 5. g3 Be7 6. Bg2 Ngf6 7. Nxf6+ Bxf6
8. Nf3 O-O 9. O-O e5 10. Be3 exd4 11. Bxd4 Nb6 12. Bxf6 Qxf6 13. Qd4 Qxd4 14.
Nxd4 c6 15. a4 Rd8 16. c3 Nd5 17. a5 a6 18. Nb3 Nc7 19. Nc5 Ne6 20. Rfd1 Kf8
21. Na4 Ke7 22. Nb6 Rb8 23. Bh3 g6 24. Rxd8 Kxd8 25. f4 f5 26. Rd1+ Ke7 27. Bf1
Nc5 28. Bc4 Be6 29. Bxe6 Kxe6 30. Kg2 Re8 31. Kf3 Re7 32. Rd8 Nb3 33. Nc4 Rd7
34. Re8+ Kf7 35. Rh8 Kg7 36. Rb8 Re7 37. h3 Kf6 38. g4 fxg4+ 39. hxg4 Kg7 40.
Rd8 Nc5 41. Nd6 Kf6 42. b4 Ne6 43. g5+ Kg7 44. Rb8 c5 45. Rxb7 Rxb7 46. Nxb7
cxb4 47. cxb4 Nd4+ 48. Ke4 Nc6 49. b5 axb5 50. a6 h5 51. gxh6+ Kxh6 52. Na5 Na7
53. Kd5 g5 54. fxg5+ Kxg5 55. Kc5 b4 56. Kxb4 Kf6 57. Kc5 Ke6 58. Kb6 Nc8+ 59.
Kc7 Na7 60. Kb6 Nc8+ 61. Kc7 Na7 62. Kb7 Nb5 63. Kb6 Nd6 64. Kc6 Nc8 65. Nc4
Na7+ 66. Kb7 Nb5 67. Kb6 Kd7 68. Kxb5 Kc7 69. Nd6 Kb8 70. Kb6 1-0